| 000 | 00482nam a2200157Ia 4500 | ||
|---|---|---|---|
| 008 | 231217s9999 xx 000 0 und d | ||
| 041 | _aEnglish | ||
| 082 | _a510 SRE;1 R | ||
| 100 | _aSreenivasa Rao, B M. Venkatesha Bhatta, H K. Rangan, A Anantha. | ||
| 245 | 2 | _aA text book of mathematics : for second year pre-university | |
| 250 | _a4th ed. | ||
| 260 |
_c2008 _bExcellent Education Enterp. _aBangalore |
||
| 300 | _axvi, 984 | ||
| 400 | _aExcellent series | ||
| 942 | _cAA | ||
| 999 |
_c194706 _d194706 |
||